00282nam a2200121Ia 4500003000400000005001700004008004100021020001900062040000900081100001800090245002200108260003000130OSt20240213104255.0170524s9999 xx 000 0 und d a978-9383137725 cIIMT aCHAUHAN- B.S. 0aAPPLIED CHEMISTRY bNEW DELHI: VAYU EDUCATION